| 000 | 00649cam a22002414a 4500 | ||
|---|---|---|---|
| 001 | 14573796 | ||
| 003 | OSt | ||
| 005 | 20160330115342.0 | ||
| 008 | 060928s2008 njua b 001 0 eng | ||
| 010 | _a 2006032310 | ||
| 020 | _a9780555004647 | ||
| 020 | _a0555004643 | ||
| 040 | _aSEKU | ||
| 050 | 0 | 0 |
_aBD 21 _b.B3 |
| 110 | _aRio Salado College | ||
| 245 | 1 | 0 |
_aBasic issues in philosophy: _bPHI 101 / _cRio Salado College |
| 250 | _aa custom edition | ||
| 260 |
_aNew York _bPearson _c[2008] |
||
| 300 | _a411 p. : | ||
| 504 | _aIncludes bibliographical references and index. | ||
| 650 | 0 |
_aPhilosophy _vIntroductions. |
|
| 942 |
_2lcc _cGEN |
||
| 999 |
_c12197 _d12197 |
||